| 000 | 01064cam a22003131a 4500 | ||
|---|---|---|---|
| 999 |
_c3330 _d3330 |
||
| 003 | EG-ScBUE | ||
| 005 | 20200109120959.0 | ||
| 008 | 190729t2000 mau f b 001 0 eng d | ||
| 020 | _a0395980704 (pbk.) | ||
| 020 | _a9780395980705 | ||
| 040 |
_aEG-ScBUE _beng _erda _cEG-ScBUE _dEG-ScBUE |
||
| 082 | 0 | 4 |
_a808.8 _bLAN _222 |
| 100 | 1 |
_aLandy, Alice S, _eauthor. |
|
| 245 | 1 | 4 |
_aThe Health introduction to literature / _cAlice Landy, William Rodney Allen, Louisiana School for Math, Science and The Arts. |
| 250 | _aSixth edition. | ||
| 264 | 1 |
_aBoston ; _aNew York : _bHoughton Mifflin Company, _c[2000] |
|
| 264 | 4 | _cc 2000 | |
| 300 |
_axiii, 1009 pages ; _c24 cm |
||
| 336 |
_2rdacontent _atext _btxt |
||
| 337 |
_2rdamedia _aunmediated _bn |
||
| 338 |
_2rdacarrier _avolume _bnc |
||
| 504 | _aIncludes bibliographical references and index. | ||
| 590 | _amahmoud sami | ||
| 650 | 7 |
_aLiterature _vCollections. _2BUEsh |
|
| 653 |
_bHHUUEENN _cJanuary2020 |
||
| 655 | _vReading book | ||
| 700 | 1 |
_aAllen, William Rodney, _eauthor. |
|
| 942 |
_cBB _k808.8L2399 _2ddc |
||